000
00299nam a22001337a 4500
008
170329b xxu||||| |||| 00| 0 eng d
020
_a
9780763753368
041
_a
eng
080
_a
796.3
100
_a
8
101
_a
SHM
245
_a
CONCEPTSOF ATHLETIC TRAINING
_c
PFEIFFER.R.P
942
_2
udc
_c
BK
999
_c
8898
_d
8898